Responses for Show #3992 - Tuesday, January 1, 2002

Mark Lee game 1.

(Sarah: I'm Sarah of the Clue Crew. Today, clues from the city of red beans and Anne Rice--New Orleans.)

Contestants

[<< previous game]

Mark Lee, a sales manager originally from Peoria, Illinois

Amanda Brown, a college student from Sherman, Texas

Tom Unsworth, a human resources director from Boston, Massachusetts (whose 1-day cash winnings total $10,000)

[next game >>]

Jeopardy! Round responses

AMERICAN MUSEUMS
FAMOUS MOUSTACHES
HEAD NORTH
NONFICTION
ON THE POP CHARTS
GIVE ME AN "H"
    $200 14
Billy Graham

Tom
    $200 6
Howard

Amanda
    $200 13
Northern Ireland

Amanda
    $200 1
Iwo Jima

Mark
    $200 3
The Spice Girls

Amanda
    $200 12
Haiti

Mark
    $400 24
Dr Pepper

Amanda
    $400 15
Charlie Chaplin

Tom
    $400 22
North Carolina

Tom
    $400 2
golf

Amanda
    $400 4
The Doors

Mark
    $400 21
a Humvee (Hummer)

Tom
    $600 25
(Alex: Yeah, my hero.)

Ted Williams

Tom
    $600 17
Clark Gable

Amanda
    $600 23
(Amanda: What is Northwest Territory?)
(Alex: That's it.)
(Amanda: Um...)
(Alex: No! Sorry. Tom.)
(Tom: What is Northern Territory?)
...
(Alex: Amanda, I'll tell you what happened. You singularized it, and it's plural. [*], not Territory. Sorry about that.)

Northwest Territories

TomAmanda
Triple Stumper
    $600 8
John Steinbeck

Tom
    $600 5
"What's Love Got To Do With It"

Tom
    $2,400 16
hospice

Tom
    $800 27
Boeing

Amanda
    $800 18
Hercule Poirot

Tom
    $800 29
North Dakota

Amanda
    $800 9
Sex

Tom
    $800 7
Steppenwolf

Tom
    $800 20
Hungary

Amanda
    $1000 28
(Alex: The creator of Uncle Remus, [*].)

Joel Chandler Harris

Triple Stumper
    $1000 19
Fu Manchu

Tom
    $1000 30
"North To Alaska"

Mark
    $1000 10
JonBenét Ramsey

Mark
    $1000 11
The Notorious B.I.G.

Tom
    $1000 26
(Alex: We have less than a minute now.)

the harbor seal

Amanda

Scores at the first commercial break (after clue 15):

Tom Amanda Mark
$4,400 $1,000 $1,800

Scores at the end of the Jeopardy! Round:

Tom Amanda Mark
$9,400 $4,800 $2,800

Double Jeopardy! Round responses

NEW ORLEANS
NFL HOME STADIUMS
(Alex: We want you to name the team that plays in each one.)
IN THE NEWS 1924
MMM, LEGUMES!
SURREALISM
IT'S ALL GREEK TO ME
    $400 19
creole

Mark
    $400 1
the Detroit Lions

Mark
    $400 6
Babe Ruth

Tom
    $400 23
(Tom: What is green beans?)

peas

Tom
Triple Stumper
    $400 8
Freud

Tom
    $400 12
the pentathlon

Amanda
    $800 20
a king cake

Mark
    $800 2
the (Chicago) Bears

Mark
    $800 7
(Mark: Who is, ah, Hoover?)
(Tom: Who is Teddy Roosevelt?)

Calvin Coolidge

TomMark
Triple Stumper
    $800 24
soybeans

Amanda
    $1,400 9
(Salvador) Dali

Tom
    $800 13
anemia

Amanda
    $1,600 21
the Jesuits

Mark
    $1200 3
the (Philadelphia) Eagles

Mark
    $1200 17
(Tom: Who is Forester?)
(Alex: Be more specific.)
(Tom: Who is C.S. Forester?)
(Alex: No.)
...
(Alex: [*], yes, not For-ES-ter.)

E.M. Forster

TomAmanda
    $1200 26
lentil

Triple Stumper
    $1200 10
(René) Magritte

Mark
    $1200 14
protocol

Mark
    $1600 22
Preservation Hall

Triple Stumper
    $1600 4
the 49ers

Mark
    $1600 18
Fanny Brice

Triple Stumper
    $1600 11
(Joan) Miró

Tom
    $1600 15
Hercules

Amanda
    $2000 27
(Sieur de) Bienville

Triple Stumper
    $2000 5
[NOTE: The name of the stadium is often stylized FedExField, but Jeopardy! used the space here.]

the Washington Redskins

Triple Stumper
    $2000 25
(Alex: And that takes us down to a minute to go.)

(Learned) Hand

Amanda
    $2000 29
[End-of-round signal sounds.]
(Alex: And one more clue will remain hidden from view.)

a lupine

Triple Stumper
    $2000 28
(Amanda: Who is Ansel Adams?)

Man Ray

Amanda
Triple Stumper
    $2000 16
(Alex: Bishops wear the [*].)

miter

Triple Stumper

Scores at the end of the Double Jeopardy! Round:

Tom Amanda Mark
$10,800 $9,600 $11,200

[wagering suggestions for these scores]

Final Jeopardy! Round responses

CLASSIC TV CHARACTERS
(Alex: [Before revealing the responses] Gol-ly! I hope you got this right.)
AmandaWho is Gomer Pyle?
$3,000
TomWho is Gomer Pyle?
$10,700
MarkWho was Gomer Pile
$10,401
Gomer Pyle

Final scores:

Tom Amanda Mark
$21,500 $12,600 $21,601
2nd place 3rd place New champion: $21,601

Game dynamics:

Coryat scores:

Tom Amanda Mark
$8,400 $9,600 $10,800
17 R
(including 2 DDs),
4 W
16 R,
2 W
14 R
(including 1 DD),
1 W

Combined Coryat: $28,800

[game clues] [game scores] [suggest correction]

Game tape date: 2001-10-23
The J! Archive is created by fans, for fans. Scraping, republication, monetization, and malicious use prohibited; this site may use cookies and collect identifying information. See terms. The Jeopardy! game show and all elements thereof, including but not limited to copyright and trademark thereto, are the property of Jeopardy Productions, Inc. and are protected under law. This website is not affiliated with, sponsored by, or operated by Jeopardy Productions, Inc. Join the discussion at JBoard.tv.